000 00332nam a2200097Ia 4500
008 220120s9999||||xx |||||||||||||| ||und||
100 _aBipin, K.V and Vinay, A.P
_912269
245 0 _aGSM based smart sensor for industrial automatic fault diagon
260 _aCoorg Institute of Technology
_bPonnampet
_c2010
650 _aCOMPUTER SCIENCE
999 _c137855
_d137855